000 00837nam a2200217 a 4500
001 BRCA_8729
005 20190320210400.0
008 170217s1777----sp-#######---#000-0#spa-#
041 _aspa
044 _asp
084 _aBE74
_b.V57 1777
100 1 _aVirgilio Marón, Publio
_d70 - 19 a.C.
_921729
245 1 0 _aLos seis libros primeros de la Eneida de Publio Virgilio Marón, traducidos en prosa castellana por el maestro Frai Luis de León.
260 _aValencia
_bEn la oficina de Josef I Thomas de Orga
_c1777
300 _a[1], 487 p.
_c18 x 11 cm.
500 _aEstado físico: presenta lomo semi desprendido, con cintas rotas y presencia del pez de plata
650 1 4 _aPoesía latina clásica
_vTraducción al español
_yS. I a.C.
_921730
700 1 _aLuis de León, (O.S.A.)
_etr.
_921731
902 _aCFM
942 _2lcc
_cB
999 _c8381
_d8381